| 000 | 00979nam a2200193 i 4500 | ||
|---|---|---|---|
| 001 | 189268 | ||
| 003 | ES-MaACL | ||
| 005 | 20250719062548.0 | ||
| 008 | 190520s1885 it |||| | ita d | ||
| 245 | 0 | 0 | _aRelazione sulle opere di costruzione eseguite dai condannati ai lavori forzati sotto la direzione del genio militare. |
| 260 |
_aRoma : _bTip. delle Mantellate, _c1885. |
||
| 300 |
_a37 p. ; _c26 cm. |
||
| 650 | 4 |
_aEstablecimientos penitenciarios- _zItalia. _9141897 |
|
| 852 |
_aES-MaACL _jD-85(8) _9196406 _bR.FOLL.5/8 _cSVI _dOlim: 193-C-19 _fSello en tinta en portada: "Donativo del Sr. Lastres al Ateneo de Madrid 1907" _gAnotación manuscrita en portada: "Folletos penitenciarios. Tomo 9" _hDonación: Francisco Lastres y Juiz _xEncuadernado con otras obras formando un volumen faacticio |
||
| 903 |
_aLastres y Juiz, Francisco, _d1848-1918 _q1 _ednr _970504 |
||
| 942 |
_2udc _cFOLLETOS |
||
| 999 |
_c189268 _d189268 |
||